British Standard: Methods of testing vulcanized rubber. Part A 17. Determination of the permeability of rubber to gases (constant volume method) (Record no. 74211)

MARC details
000 -LEADER
fixed length control field 00491nam a2200133Ia 4500
245 #0 - TITLE STATEMENT
Title British Standard: Methods of testing vulcanized rubber. Part A 17. Determination of the permeability of rubber to gases (constant volume method)
260 ## - PUBLICATION, DISTRIBUTION, ETC. (IMPRINT)
Place of publication London
260 ## - PUBLICATION, DISTRIBUTION, ETC. (IMPRINT)
Year of publication 1973
Name of publisher British Standards Indtitution
490 ## - SERIES STATEMENT
Series statement British Standard
500 ## - GENERAL NOTE
General note Standard number: mS 903: Part A 17
650 ## - SUBJECT ADDED ENTRY--TOPICAL TERM
Topical Term Vulcanized rubber testing
942 ## - ADDED ENTRY ELEMENTS (KOHA)
Koha item type Standards
Holdings
Withdrawn status Lost status Damaged status Not for loan Home library Current library Date acquired Koha item type
      Standards RRII Library RRII Library 31/12/2021 Standards